000 00713nam a2200217 i 4500
001 C2-0253822
003 PPAK
005 20180727221226.0
008 040410s1997 my |||| ||||| | may d
040 _aPPAK
_beng
_cPPAK
_erda
082 0 4 _a378.595
_223
090 0 0 _a378.595
_bPRO
_dKSA
245 0 0 _aProspektus 1997-1998 Sekolah Kiblah
264 1 _aBangi, Selangor :
_bSekolah Kiblah ,
_c[1997]
300 _a24 pages ;
_c21 cm
336 _2rdacontent
_atext
337 _2rdamedia
_aunmediated
338 _2rdacarrier
_avolume
650 1 0 _aSchool of Kiblah - Curricula - Periodicals ; School of Kiblah - Entrance requirements - Periodicals ; School of Kiblah - Admission - Periodicals
942 _ddc
_cB
999 _c66618
_d66618